[Event "BL 2425 USV TU Dresden - SC Viernheim"]
[Site "?"]
[Date "2025.02.23"]
[Round "10.3"]
[White "Anton Guijarro, David"]
[Black "Michalik, Peter"]
[Result "1/2-1/2"]
[WhiteElo "2668"]
[BlackElo "2567"]
[PlyCount "58"]
[EventDate "2025.??.??"]

1. e4 e5 2. Nf3 Nf6 3. Nxe5 d6 4. Nf3 Nxe4 5. d4 d5 6. Bd3 Bf5 7. O-O Be7 8. Re1 O-O 9. Nbd2 Nd6 10. Nf1 Bg6 11. Ne5 Bxd3 12. Qxd3 Nd7 13. Qb3 c6 14. Bf4 a5 15. a4 Nxe5 16. dxe5 Ne4 17. Ng3 Nc5 18. Qf3 Ne6 19. Be3 d4 20. Bd2 Qd5 21. Qxd5 cxd5 22. Nf5 Bc5 23. Kf1 h5 24. Rad1 g6 25. Nh4 Rfc8 26. Nf3 Bb4 27. Bxb4 axb4 28. Nxd4 Rxa4 29. b3 Ra2 1/2-1/2

[Event "BL 2425 USV TU Dresden - SC Viernheim"]
[Site "?"]
[Date "2025.02.23"]
[Round "10.4"]
[White "Maiwald, Jens-Uwe"]
[Black "Korobov, Anton"]
[Result "1/2-1/2"]
[WhiteElo "2415"]
[BlackElo "2627"]
[PlyCount "42"]
[EventDate "2025.??.??"]

1. e4 e6 2. d4 d5 3. e5 c5 4. c3 Nc6 5. Nf3 Bd7 6. Be2 Rc8 7. O-O h6 8. a3 Nge7 9. b4 cxd4 10. cxd4 Nf5 11. Bb2 g5 12. b5 Nce7 13. g4 Ng7 14. Bd3 Ng6 15. Bxg6 fxg6 16. Qd3 Kf7 17. Nc3 Be7 18. Rfc1 Rf8 19. Kg2 Kg8 20. Ne2 Rxc1 21. Bxc1 Kh7 1/2-1/2

[Event "BL 2425 USV TU Dresden - SC Viernheim"]
[Site "?"]
[Date "2025.02.23"]
[Round "10.5"]
[White "Wagner, Dennis"]
[Black "Loxine, Jakov"]
[Result "1-0"]
[WhiteElo "2614"]
[BlackElo "2392"]
[PlyCount "123"]
[EventDate "2025.??.??"]

1. d4 Nf6 2. c4 g6 3. Nc3 Bg7 4. e4 O-O 5. Be2 d6 6. Be3 Nbd7 7. Qc2 a6 8. Rd1 e5 9. Nf3 exd4 10. Nxd4 Re8 11. O-O Qe7 12. Bg5 h6 13. Bh4 c6 14. f3 Ne5 15. Kh1 c5 16. Nb3 Be6 17. f4 Nxc4 18. Qc1 Nxb2 19. Qxb2 g5 20. Be1 Nxe4 21. Bf3 Bc4 22. Rg1 Qf6 23. Bxe4 Rxe4 24. fxg5 hxg5 25. Nd2 Bd3 26. Ndxe4 Bxe4 27. Qe2 Bc6 28. Nd5 Qe5 29. Qxe5 Bxe5 30. Ne7+ Kg7 31. Nxc6 bxc6 32. Rc1 f6 33. Ba5 Kf7 34. g3 Ke6 35. Kg2 g4 36. Rge1 Rb8 37. Bc3 Kd5 38. Bxe5 fxe5 39. Red1+ Ke6 40. Rd2 Rb4 41. h4 gxh3+ 42. Kxh3 c4 43. g4 d5 44. g5 d4 45. g6 Kd5 46. g7 Rb8 47. Rf2 Rg8 48. Rg1 c3 49. Rf8 Rxg7 50. Rxg7 c2 51. Rg1 d3 52. Kg3 Kd4 53. Rf6 d2 54. Rxc6 Kd3 55. Kf2 e4 56. Rxc2 e3+ 57. Kf3 Kxc2 58. Ke2 a5 59. a4 Kb3 60. Kxe3 Kxa4 61. Kxd2 Kb3 62. Kc1 1-0

[Event "BL 2425 USV TU Dresden - SC Viernheim"]
[Site "?"]
[Date "2025.02.23"]
[Round "10.6"]
[White "Moehn, Hans"]
[Black "Erdogmus, Yagiz Kaan"]
[Result "0-1"]
[WhiteElo "2386"]
[BlackElo "2599"]
[PlyCount "86"]
[EventDate "2025.??.??"]

1. Nf3 d5 2. g3 Nc6 3. d4 Bf5 4. Bg2 Nb4 5. Na3 e6 6. c3 Nc6 7. Qb3 Rb8 8. Nh4 Be4 9. f3 Bg6 10. e4 b5 11. Nb1 Nf6 12. Nxg6 hxg6 13. e5 Nd7 14. f4 Na5 15. Qd1 b4 16. Qa4 c5 17. O-O bxc3 18. bxc3 cxd4 19. cxd4 Rb4 20. Qc2 Rxd4 21. Nd2 Rb4 22. Ba3 Bc5+ 23. Kh1 Rb5 24. Qa4 a6 25. Bxc5 Nxc5 26. Qc2 Qb6 27. Rfc1 Nab7 28. Rab1 O-O 29. Bf1 Rb4 30. Qc3 a5 31. a3 Ne4 32. Qc7 Rxb1 33. Nxb1 Qe3 34. Qc2 Nbc5 35. Nc3 Nf2+ 36. Kg2 Nfd3 37. Rd1 Ne1+ 38. Rxe1 Qxe1 39. Nxd5 exd5 40. Qxc5 Qe4+ 41. Kh3 g5 42. Kg4 gxf4 43. gxf4 g5 0-1

[Event "BL 2425 USV TU Dresden - SC Viernheim"]
[Site "?"]
[Date "2025.02.23"]
[Round "10.7"]
[White "Meier, Georg"]
[Black "Wong, Gengchun"]
[Result "1-0"]
[WhiteElo "2595"]
[BlackElo "2261"]
[PlyCount "113"]
[EventDate "2025.??.??"]

1. Nf3 Nf6 2. c4 g6 3. Nc3 c5 4. d4 cxd4 5. Nxd4 Bg7 6. e4 d6 7. Be2 Nc6 8. Nc2 Nd7 9. Bd2 O-O 10. O-O Nc5 11. b4 Ne6 12. Rc1 a5 13. b5 Ncd4 14. Nxd4 Nxd4 15. Bg5 h6 16. Be3 e5 17. Bg4 f5 18. exf5 gxf5 19. Bh3 Be6 20. Bxd4 exd4 21. Ne2 Qf6 22. Nf4 Qf7 23. Qd3 Rac8 24. Nxe6 Qxe6 25. g3 b6 26. Bg2 Qf6 27. Bc6 Rc7 28. Rce1 Re7 29. f4 Kh8 30. Rxe7 Qxe7 31. Kf2 Qe3+ 32. Qxe3 dxe3+ 33. Kxe3 Bc3 34. Rf2 Kg7 35. Re2 Rf7 36. Kd3 Bb4 37. Bd5 Rf8 38. Re7+ Kf6 39. Re6+ Kg7 40. Ke2 Bc5 41. a4 Kh7 42. Kf3 Kg7 43. Kg2 Rd8 44. Kh3 Bg1 45. Kh4 Rd7 46. Re1 Bf2 47. Re2 Bg1 48. Kh5 Bd4 49. Re6 Bg1 50. Rg6+ Kh8 51. Be6 Rg7 52. Rxh6+ Rh7 53. Rxh7+ Kxh7 54. Bxf5+ Kg7 55. h4 Bf2 56. g4 Kf6 57. Be4 1-0

[Event "BL 2425 USV TU Dresden - SC Viernheim"]
[Site "?"]
[Date "2025.02.23"]
[Round "10.8"]
[White "Fruth, David"]
[Black "Wagner, Dinara"]
[Result "1/2-1/2"]
[WhiteElo "2161"]
[BlackElo "2435"]
[PlyCount "93"]
[EventDate "2025.??.??"]

1. e4 c5 2. Nc3 Nc6 3. Nf3 e5 4. Bc4 Be7 5. d3 d6 6. h3 Nf6 7. a4 O-O 8. Bg5 Be6 9. Bxf6 Bxf6 10. Nh2 Bg5 11. Nf1 g6 12. Ne3 Bxe3 13. fxe3 Qh4+ 14. Kd2 Bxc4 15. dxc4 f5 16. Qe2 f4 17. Raf1 Qg5 18. Nd5 fxe3+ 19. Nxe3 Rf4 20. h4 Qh6 21. g3 Nd4 22. Qd3 Rf3 23. Rxf3 Nxf3+ 24. Kd1 Rf8 25. c3 Rf7 26. Rf1 Qf8 27. Ke2 h5 28. Qd5 Kh7 29. Kd1 Kh8 30. Rf2 b6 31. b3 Rf6 32. Qd3 Kh7 33. Qf1 Kg7 34. Ke2 Nh2 35. Rxf6 Qxf6 36. Qxf6+ Kxf6 37. Kf2 Ke6 38. g4 hxg4 39. Kg3 Nf3 40. Nf1 Kf6 41. Kxg4 Ne1 42. Ne3 Nd3 43. Nd5+ Ke6 44. Nc7+ Kd7 45. Nd5 Ke6 46. Nc7+ Kd7 47. Nd5 1/2-1/2

[Event "BL 2425 SF Bad Mergentheim - SC Heimbach"]
[Site "?"]
[Date "2025.02.23"]
[Round "10.1"]
[White "Livaic, Leon"]
[Black "Kazakouski, Valery"]
[Result "1/2-1/2"]
[WhiteElo "2569"]
[BlackElo "2538"]
[PlyCount "167"]
[EventDate "2025.??.??"]

1. d3 d5 2. Nf3 Nf6 3. g3 e6 4. Bg2 Be7 5. O-O O-O 6. Nbd2 Nc6 7. e4 dxe4 8. dxe4 e5 9. b3 Be6 10. Bb2 Nd7 11. Qe2 Bc5 12. Nc4 f6 13. Rfd1 Qe7 14. Ne3 Bxe3 15. Qxe3 Rfd8 16. Nh4 Nb6 17. Nf5 Qe8 18. Qe2 Rxd1+ 19. Rxd1 Rd8 20. Ne3 Rxd1+ 21. Qxd1 Nd8 22. Qd2 Qd7 23. Qxd7 Nxd7 24. f4 b6 25. Kf2 c6 26. Bf1 Nb7 27. Nc4 b5 28. Nd2 Nd6 29. Ke3 g6 30. Nf3 Nf7 31. Ba3 a6 32. Ne1 a5 33. Nd3 b4 34. Bb2 c5 35. fxe5 fxe5 36. c3 c4 37. cxb4 axb4 38. bxc4 Bxc4 39. Bh3 Nb6 40. Nxb4 Bxa2 41. Ba1 Bb1 42. Be6 Kg7 43. Nc6 Kf6 44. Bxf7 Kxf7 45. Nxe5+ Ke6 46. Nf3 Nc4+ 47. Kf4 h6 48. h4 Nd6 49. Nd2 g5+ 50. hxg5 hxg5+ 51. Ke3 Bc2 52. Bc3 Nf7 53. Nf3 Bd1 54. Nd4+ Kf6 55. Nf5+ Ke6 56. Ng7+ Kd7 57. Bf6 Bc2 58. e5 Bb3 59. Nf5 Bd5 60. Nd4 Ke8 61. e6 Nd8 62. e7 Nc6 63. Nf5 Kd7 64. Bxg5 Be6 65. Ke4 Bf7 66. g4 Bg6 67. Kf4 Ke6 68. Bh4 Bf7 69. Ke4 Bg6 70. Ke3 Ne5 71. Kf4 Nc6 72. Kg5 Bf7 73. Kh6 Ne5 74. Kg7 Be8 75. Kf8 Kd7 76. Bg5 Nxg4 77. Nd6 Bh5 78. Ne4 Ke6 79. Ng3 Bg6 80. Ne2 Ne5 81. Nf4+ Kf5 82. Nxg6 Nxg6+ 83. Kf7 Nxe7 84. Kxe7 1/2-1/2

[Event "BL 2425 SF Bad Mergentheim - SC Heimbach"]
[Site "?"]
[Date "2025.02.23"]
[Round "10.2"]
[White "Pultinevicius, Paulius"]
[Black "Kraemer, Martin"]
[Result "1/2-1/2"]
[WhiteElo "2566"]
[BlackElo "2582"]
[PlyCount "225"]
[EventDate "2025.??.??"]

1. d4 Nf6 2. c4 e6 3. Nf3 d5 4. Nc3 c5 5. cxd5 cxd4 6. Qxd4 exd5 7. e4 dxe4 8. Qxd8+ Kxd8 9. Ng5 Be6 10. a3 Nbd7 11. Ncxe4 Nxe4 12. Nxe4 h6 13. Bd2 Nc5 14. Nxc5 Bxc5 15. Bc3 f6 16. Bd3 Ke7 17. Be4 Rad8 18. Bxb7 Bc4 19. Rc1 Kf7 20. Bd2 Rhe8+ 21. Be3 Bxe3 22. fxe3 Rxe3+ 23. Kf2 Re2+ 24. Kg3 Rxb2 25. Bf3 Be6 26. Rc5 Rb3 27. Ra5 Rd7 28. Kf2 g5 29. Re1 Rb6 30. h4 f5 31. hxg5 hxg5 32. g4 fxg4 33. Be4 Kf6 34. Kg1 Rbd6 35. Rf1+ Ke7 36. Rxg5 Rd1 37. Ra5 Rxf1+ 38. Kxf1 Kf6 39. Kf2 Rc7 40. Kg3 Bc8 41. Kf4 Rc4 42. Rxa7 g3 43. Kxg3 Rxe4 44. a4 Ke6 45. a5 Ra4 46. Rc7 Bd7 47. Rc5 Kd6 48. Rg5 Bc6 49. Kf2 Bd5 50. Ke3 Kc5 51. Rg1 Ra3+ 52. Kf4 Kd6 53. Rg6+ Be6 54. Rg5 Ra4+ 55. Ke3 Bd5 56. Rg6+ Kc5 57. a6 Ra3+ 58. Kf4 Kd4 59. Rb6 Rf3+ 60. Kg5 Ke5 61. a7 Ra3 62. a8=B Rxa8 63. Rb5 Ra1 64. Rc5 Rg1+ 65. Kh5 Ke4 66. Kh6 Be6 67. Rg5 Rf1 68. Kg7 Bf5 69. Kf6 Bh3+ 70. Kg7 Ra1 71. Kf6 Ra6+ 72. Ke7 Re6+ 73. Kf7 Rd6 74. Ke7 Rd7+ 75. Kf6 Kf4 76. Ra5 Rd4 77. Rb5 Rd6+ 78. Ke7 Re6+ 79. Kd8 Rc6 80. Ke7 Be6 81. Ra5 Ke4 82. Rh5 Bf5 83. Rh1 Ke5 84. Re1+ Be4 85. Re2 Rc7+ 86. Ke8 Kd5 87. Kf8 Bf5 88. Re7 Rc8+ 89. Kf7 Rc1 90. Kf6 Kd6 91. Re3 Rf1 92. Kg5 Kd5 93. Re8 Be6 94. Ra8 Ke5 95. Ra5+ Bd5 96. Rb5 Rg1+ 97. Kh5 Ke6 98. Kh4 Be4 99. Rg5 Rf1 100. Kg3 Bf5 101. Kg2 Ra1 102. Rg8 Ke5 103. Kf3 Be4+ 104. Ke3 Ra3+ 105. Kd2 Kd4 106. Rd8+ Bd5 107. Rd7 Ra2+ 108. Kd1 Ke4 109. Kc1 Bc4 110. Rd2 Ra6 111. Rd8 Ra2 112. Rd2 Rxd2 113. Kxd2 1/2-1/2

[Event "BL 2425 SF Bad Mergentheim - SC Heimbach"]
[Site "?"]
[Date "2025.02.23"]
[Round "10.3"]
[White "Nasuta, Grzegorz"]
[Black "Laurusas, Tomas"]
[Result "1/2-1/2"]
[WhiteElo "2506"]
[BlackElo "2578"]
[PlyCount "47"]
[EventDate "2025.??.??"]

1. e4 e5 2. Nf3 Nf6 3. Nxe5 d6 4. Nf3 Nxe4 5. d4 d5 6. Bd3 Nc6 7. O-O Be7 8. Re1 Bf5 9. Nbd2 Nxd2 10. Qxd2 Bxd3 11. Qxd3 O-O 12. c3 h6 13. Bf4 Bd6 14. Bxd6 Qxd6 15. Re3 Rfe8 16. Rae1 Rxe3 17. Qxe3 a6 18. h3 Rd8 19. g4 Kf8 20. Kg2 Qf6 21. h4 Qe7 22. h5 Qxe3 23. Rxe3 Re8 24. Rxe8+ 1/2-1/2

[Event "BL 2425 SF Bad Mergentheim - SC Heimbach"]
[Site "?"]
[Date "2025.02.23"]
[Round "10.4"]
[White "Razafindratsima, Timothe"]
[Black "Krejci, Jan"]
[Result "1/2-1/2"]
[WhiteElo "2472"]
[BlackElo "2532"]
[PlyCount "100"]
[EventDate "2025.??.??"]

1. c4 Nf6 2. Nc3 e6 3. e4 d5 4. e5 d4 5. exf6 dxc3 6. bxc3 Qxf6 7. Bd3 Bd7 8. Be4 Qe5 9. f3 c5 10. Ne2 Qc7 11. Rb1 Nc6 12. d4 Bd6 13. Qd3 f5 14. Bxc6 Bxc6 15. Qe3 Bd7 16. Nf4 O-O 17. O-O cxd4 18. cxd4 e5 19. c5 exf4 20. cxd6 Qxd6 21. Qxf4 Qd5 22. Ba3 Rf6 23. Rf2 Ra6 24. Bc1 Re8 25. h4 Bc6 26. Rbb2 Ra4 27. Be3 Ra3 28. Rfe2 Bb5 29. Re1 Rxa2 30. Rxa2 Qxa2 31. Qxf5 Bc6 32. Bf2 Rxe1+ 33. Bxe1 Qf7 34. Qc5 a6 35. Bg3 Qd5 36. Qa7 Qd8 37. Qc5 a5 38. Be5 a4 39. Qc3 Bd5 40. Qb4 Qd7 41. Kf2 h5 42. Ke3 b5 43. Qd6 Qxd6 44. Bxd6 Kf7 45. g4 g6 46. gxh5 gxh5 47. Kd2 Ke6 48. Bc5 Bxf3 49. Kc3 Bd5 50. Kb4 Bc4 1/2-1/2

[Event "BL 2425 SF Bad Mergentheim - SC Heimbach"]
[Site "?"]
[Date "2025.02.23"]
[Round "10.5"]
[White "Ferreira, Jorge Viterbo"]
[Black "Ikonnikov, Vyacheslav"]
[Result "1/2-1/2"]
[WhiteElo "2527"]
[BlackElo "2434"]
[PlyCount "103"]
[EventDate "2025.??.??"]

1. e4 c5 2. Nf3 Nc6 3. Bb5 Nf6 4. Bxc6 dxc6 5. d3 Qc7 6. e5 Nd5 7. c4 Nb6 8. Qe2 Bg4 9. Nbd2 e6 10. h3 Bh5 11. g4 Bg6 12. Ne4 h5 13. Rg1 hxg4 14. hxg4 O-O-O 15. Bf4 Be7 16. O-O-O Nd7 17. Bg3 Qa5 18. Kb1 Nb6 19. Nfd2 Na4 20. Nb3 Qc7 21. Ka1 Bxe4 22. Qxe4 Bh4 23. Bxh4 Rxh4 24. Qe3 Qe7 25. Nd2 Qd7 26. Ne4 Qd4 27. Qxd4 cxd4 28. Rg3 Kd7 29. Kb1 b6 30. Rf3 Ke7 31. Rf4 Rh2 32. Kc2 Nc5 33. Nd2 g5 34. Rf3 Rg2 35. Rh1 Nd7 36. Re1 Rxg4 37. b4 Rh8 38. Nb3 Rh2 39. c5 bxc5 40. bxc5 Rgg2 41. Nxd4 Rxf2+ 42. Rxf2 Rxf2+ 43. Kc3 Nxc5 44. Kc4 Na4 45. Nxc6+ Kd7 46. Nxa7 Nb6+ 47. Kb3 Rf3 48. Rd1 Re3 49. Rf1 Ke8 50. Nb5 Rxe5 51. Nd6+ Ke7 52. Nxf7 1/2-1/2

[Event "BL 2425 SF Bad Mergentheim - SC Heimbach"]
[Site "?"]
[Date "2025.02.23"]
[Round "10.6"]
[White "Neuman, Petr"]
[Black "Kraus, Tomas"]
[Result "1/2-1/2"]
[WhiteElo "2436"]
[BlackElo "2451"]
[PlyCount "44"]
[EventDate "2025.??.??"]

1. e4 c5 2. Nc3 Nc6 3. f4 g6 4. Nf3 Bg7 5. g3 e6 6. Bg2 d5 7. d3 dxe4 8. Nxe4 Nge7 9. c3 b6 10. Ne5 Bb7 11. Nc4 O-O 12. O-O Qc7 13. Ned6 Rad8 14. Nxb7 Qxb7 15. Be3 Nd5 16. Bf2 Rd7 17. a4 Rfd8 18. Qb3 Qb8 19. Rad1 h5 20. Rfe1 Qc7 21. Qb5 Rb8 22. Rd2 Qc8 1/2-1/2

[Event "BL 2425 SF Bad Mergentheim - SC Heimbach"]
[Site "?"]
[Date "2025.02.23"]
[Round "10.7"]
[White "Kosakowski, Jakub"]
[Black "Nemec, Jachym"]
[Result "0-1"]
[WhiteElo "2511"]
[BlackElo "2433"]
[PlyCount "56"]
[EventDate "2025.??.??"]

1. e4 c5 2. Nf3 Nc6 3. Bc4 e6 4. O-O Nf6 5. Re1 d6 6. Bb5 Bd7 7. c3 a6 8. Bf1 Rc8 9. d4 cxd4 10. cxd4 d5 11. e5 Ne4 12. Nbd2 Nxd2 13. Bxd2 Qb6 14. Bc3 Be7 15. Bd3 O-O 16. Rc1 f5 17. exf6 Rxf6 18. Bb1 Rcf8 19. Qd3 Rh6 20. Bd2 Rh5 21. Qe2 Bd6 22. Ne5 Be8 23. Nd7 Bxh2+ 24. Kf1 Qxb2 25. Qxe6+ Bf7 26. Qg4 Qxd2 27. Bxh7+ Rxh7 28. Rcd1 Qf4 0-1

[Event "BL 2425 SF Bad Mergentheim - SC Heimbach"]
[Site "?"]
[Date "2025.02.23"]
[Round "10.8"]
[White "Kusa, Jakub"]
[Black "Ronge, Tim"]
[Result "1-0"]
[WhiteElo "2412"]
[BlackElo "2308"]
[PlyCount "117"]
[EventDate "2025.??.??"]

1. Nf3 d6 2. d4 Nf6 3. c4 g6 4. Nc3 Bg7 5. e4 Bg4 6. Be2 Bxf3 7. Bxf3 e5 8. d5 h5 9. O-O Nbd7 10. a3 a5 11. Rb1 Bh6 12. Bxh6 Rxh6 13. b4 Kf8 14. Qd2 Kg7 15. Rfc1 Qe7 16. Bd1 Rhh8 17. f3 h4 18. Nb5 Rhc8 19. Qf2 c6 20. dxc6 bxc6 21. Nc3 h3 22. g3 axb4 23. axb4 Nf8 24. Be2 Ne6 25. Bf1 Ng5 26. Qe3 Nh5 27. Ra1 Qf6 28. Kf2 Qd8 29. b5 cxb5 30. Nxb5 Nf6 31. Kg1 Rxa1 32. Rxa1 Ne6 33. Bxh3 Rxc4 34. Bxe6 fxe6 35. Ra7+ Nd7 36. Nxd6 Rd4 37. Nb5 Rd1+ 38. Kg2 Qb8 39. Qe2 Rd6 40. Nxd6 Qxa7 41. Qb5 Kf6 42. Nc4 Qd4 43. Qb4 Qd3 44. Nd2 Qe2+ 45. Kh3 Qd3 46. Qb2 Kf7 47. Qc1 Kf6 48. Kg4 Qe3 49. Qd1 Qd4 50. Qe2 Nc5 51. Nf1 Nd3 52. Kh3 Qc4 53. Qe3 Nc5 54. Kg2 Qc2+ 55. Qf2 Qc3 56. Qd2 Qc4 57. Ne3 Qd3 58. Ng4+ Ke7 59. Qg5+ 1-0

[Event "BL 2425 SV Mülheim Nord - SC Viernheim"]
[Site "?"]
[Date "2025.03.22"]
[Round "11.1"]
[White "Maghsoodloo, Parham"]
[Black "Tregubov, Pavel V."]
[Result "1-0"]
[WhiteElo "2677"]
[BlackElo "2555"]
[PlyCount "47"]
[EventDate "2025.??.??"]

1. c4 e5 2. Nc3 Nf6 3. Nf3 Nc6 4. e3 d5 5. cxd5 Nxd5 6. Bb5 Nxc3 7. bxc3 Bd6 8. d4 Bd7 9. O-O O-O 10. Nd2 Re8 11. Bd3 h6 12. Ne4 Bf8 13. Ng3 Be6 14. Rb1 Rb8 15. f4 exd4 16. exd4 Na5 17. f5 Bc4 18. Bf4 b5 19. Nh5 f6 20. Rf3 Kh8 21. Rh3 Qe7 22. Nxg7 Bxg7 23. Bxh6 Bg8 24. Bg5+ 1-0

[Event "BL 2425 SV Mülheim Nord - SC Viernheim"]
[Site "?"]
[Date "2025.03.22"]
[Round "11.2"]
[White "Vrolijk, Liam"]
[Black "Aravindh, Chithambaram VR."]
[Result "0-1"]
[WhiteElo "2517"]
[BlackElo "2731"]
[PlyCount "98"]
[EventDate "2025.??.??"]

1. d4 Nf6 2. c4 e6 3. Nf3 Bb4+ 4. Nbd2 O-O 5. a3 Be7 6. e4 d6 7. Be2 Nfd7 8. b4 e5 9. d5 a5 10. Bb2 axb4 11. axb4 Rxa1 12. Qxa1 c5 13. b5 Nf6 14. h3 g6 15. O-O Nh5 16. Re1 Nd7 17. g3 Ng7 18. Bf1 f5 19. exf5 gxf5 20. Bg2 Qe8 21. Nh2 Qg6 22. Kh1 Bf6 23. Ndf1 Kh8 24. Ne3 Bg5 25. Qb1 Nf6 26. Nf3 Bh6 27. Nf1 Qh5 28. N1h2 Nge8 29. Ng1 Bg7 30. Ne2 Ne4 31. Kg1 Ng5 32. h4 Nf7 33. f4 Qg6 34. Nf1 Nf6 35. fxe5 dxe5 36. Qd3 Ne8 37. Qe3 b6 38. Nc1 Ned6 39. Qc3 Rg8 40. Nd3 f4 41. Nxe5 Qf6 42. Qf3 Nxe5 43. Bxe5 Qxe5 44. Rxe5 Bxe5 45. gxf4 Bd4+ 46. Kh2 Rg4 47. Kh1 Bf5 48. Nh2 Rg8 49. Qe2 Bh3 0-1

[Event "BL 2425 SV Mülheim Nord - SC Viernheim"]
[Site "?"]
[Date "2025.03.22"]
[Round "11.3"]
[White "Korobov, Anton"]
[Black "Beerdsen, Thomas"]
[Result "1/2-1/2"]
[WhiteElo "2634"]
[BlackElo "2510"]
[PlyCount "53"]
[EventDate "2025.??.??"]

1. e4 e5 2. Nf3 Nc6 3. Bb5 Nf6 4. d3 Bc5 5. Bxc6 dxc6 6. Nc3 Qe7 7. Be3 O-O 8. Bxc5 Qxc5 9. h3 Be6 10. O-O Rad8 11. Qc1 Rfe8 12. Rd1 Nd7 13. d4 exd4 14. Nxd4 Ne5 15. Nxe6 Rxd1+ 16. Nxd1 Rxe6 17. Ne3 g6 18. c3 Rd6 19. Qc2 Nc4 20. Nf1 a5 21. Re1 b5 22. b3 Ne5 23. Re3 b4 24. Kh2 Rf6 25. Kg1 Rd6 26. Kh2 Rf6 27. Kg1 1/2-1/2

[Event "BL 2425 SV Mülheim Nord - SC Viernheim"]
[Site "?"]
[Date "2025.03.22"]
[Round "11.4"]
[White "Buckels, Valentin"]
[Black "Amin, Bassem"]
[Result "1/2-1/2"]
[WhiteElo "2447"]
[BlackElo "2645"]
[PlyCount "197"]
[EventDate "2025.??.??"]

1. d4 Nf6 2. Nf3 g6 3. g3 Bg7 4. Bg2 O-O 5. O-O c6 6. Nbd2 d5 7. c3 a5 8. a4 Na6 9. Re1 c5 10. dxc5 Nxc5 11. Nb3 Nce4 12. h3 Re8 13. Bf4 Qb6 14. Be3 Qc7 15. Qd4 e5 16. Qb6 Qc6 17. Nfd2 Nxd2 18. Nxd2 Be6 19. Red1 Nd7 20. Qb3 Nc5 21. Bxc5 Qxc5 22. Qb5 Qxb5 23. axb5 a4 24. e4 d4 25. cxd4 exd4 26. e5 Bxe5 27. Bxb7 Ra7 28. Bc6 Rd8 29. Ra3 Bd6 30. Rd3 Bc5 31. Rc1 Bb6 32. Nc4 Bxc4 33. Rxc4 Rd6 34. Kf1 Kg7 35. Bf3 Ra5 36. Bc6 h5 37. Ke2 Ra7 38. Kf3 Re7 39. Rc2 Re1 40. Kg2 Rde6 41. Rc4 R1e2 42. Rxa4 Rf6 43. Bf3 Rxb2 44. Rc4 Rf5 45. h4 Rfxb5 46. Bd1 Re5 47. Rc2 Rb1 48. Rc6 Rc5 49. Rxc5 Bxc5 50. Be2 f5 51. Kf3 Kf6 52. Rd1 Rb2 53. Bd3 Ra2 54. Rc1 Bb4 55. Rc6+ Kg7 56. Rc7+ Kh6 57. Rd7 Be1 58. Be2 Rd2 59. Rd6 Kg7 60. Rd7+ Kf6 61. Rd8 Ke5 62. Re8+ Kd5 63. Rd8+ Kc5 64. Rc8+ Kb4 65. Rb8+ Kc3 66. Rc8+ Kb2 67. Rb8+ Kc1 68. Rf8 Kc2 69. Rc8+ Kb2 70. Rb8+ Kc3 71. Rc8+ Kb4 72. Rb8+ Kc5 73. Rc8+ Kb6 74. Rf8 Kc6 75. Rc8+ Kd7 76. Rc1 Bxf2 77. Kxf2 d3 78. Rd1 Rxe2+ 79. Kf3 Ke6 80. Rxd3 Re4 81. Kg2 Ke5 82. Ra3 Rd4 83. Re3+ Kf6 84. Re8 Kf7 85. Ra8 f4 86. gxf4 Rxf4 87. Kg3 Rg4+ 88. Kh3 Re4 89. Ra3 Kf6 90. Rf3+ Ke5 91. Rg3 Kf5 92. Rg5+ Kf6 93. Rg3 Re6 94. Rf3+ Ke5 95. Kg3 Kd4 96. Rf4+ Kd3 97. Ra4 Re4 98. Ra6 Rg4+ 99. Kh3 1/2-1/2

[Event "BL 2425 SV Mülheim Nord - SC Viernheim"]
[Site "?"]
[Date "2025.03.22"]
[Round "11.5"]
[White "Wagner, Dennis"]
[Black "Zelbel, Patrick"]
[Result "1/2-1/2"]
[WhiteElo "2614"]
[BlackElo "2482"]
[PlyCount "208"]
[EventDate "2025.??.??"]

1. d4 Nf6 2. c4 g6 3. Nc3 d5 4. cxd5 Nxd5 5. e4 Nxc3 6. bxc3 Bg7 7. Nf3 c5 8. Be3 Bg4 9. Qa4+ Nd7 10. Be2 O-O 11. Rd1 Qc7 12. O-O a6 13. h3 Bxf3 14. Bxf3 b5 15. Qb3 e5 16. dxc5 Nxc5 17. Bxc5 Qxc5 18. Rd5 Qc4 19. Qxc4 bxc4 20. Be2 Rfc8 21. Rb1 Rc7 22. Rb4 Rac8 23. Ra4 Rc6 24. Rda5 Bh6 25. Rxa6 Rxa6 26. Rxa6 Bd2 27. Ra4 Bxc3 28. Bxc4 Bd4 29. Kf1 Kf8 30. g4 g5 31. Ke2 Ke7 32. Rb4 Rc7 33. Bb3 Ba7 34. a4 Kd6 35. a5 f6 36. a6 Kc5 37. Ra4 Kb5 38. Ra2 Rc3 39. Bc2 Rc7 40. Bd3+ Kc5 41. Ra5+ Kd6 42. Rd5+ Ke7 43. Rb5 Kd6 44. Rd5+ Ke7 45. Rb5 Kd6 46. f3 Rc5 47. Rb7 Rc7 48. Rb1 Rc3 49. Kd2 Rc7 50. Rh1 Bf2 51. Ke2 Bd4 52. h4 h6 53. hxg5 hxg5 54. Rh6 Ke7 55. Rh8 Ke6 56. Ra8 Ke7 57. Rb8 Ba7 58. Rb4 Kd6 59. Bc4 Kc5 60. Rb1 Kd6 61. Kd3 Rh7 62. Bd5 Rc7 63. Rh1 Bd4 64. Bc4 Ra7 65. Rh8 Ke7 66. Rc8 Rd7 67. Bd5 Rd8 68. Rc4 Bf2 69. Rc2 Bd4 70. Rc4 Bf2 71. Rc2 Bd4 72. Rh2 Rd7 73. Kc4 Rc7+ 74. Kb5 Rc5+ 75. Kb4 Rc7 76. Rh8 Be3 77. Kb5 Rc5+ 78. Kb4 Rc7 79. Rg8 Bd4 80. Bc4 Be3 81. Bb5 Bd4 82. Re8+ Kf7 83. Rb8 Ke7 84. Ka5 Kd6 85. Rb6+ Ke7 86. Bc6 Be3 87. Kb5 Bf2 88. Rb8 Be3 89. Re8+ Kf7 90. Rd8 Ke7 91. Rh8 Bf2 92. Rh2 Be3 93. Re2 Bg1 94. Rd2 Be3 95. Rd3 Bf2 96. Ra3 Ba7 97. Ra2 Kd6 98. Rd2+ Ke7 99. Rh2 Be3 100. Rh1 Bf2 101. Rh6 Be3 102. Rh8 Bf2 103. Rb8 Be3 104. Re8+ Kf7 1/2-1/2

[Event "BL 2425 SV Mülheim Nord - SC Viernheim"]
[Site "?"]
[Date "2025.03.22"]
[Round "11.6"]
[White "Feygin, Michael"]
[Black "Meier, Georg"]
[Result "0-1"]
[WhiteElo "2452"]
[BlackElo "2600"]
[PlyCount "55"]
[EventDate "2025.??.??"]

1. e4 e6 2. d4 d5 3. Nd2 c5 4. Ngf3 cxd4 5. e5 Nc6 6. Bd3 Qc7 7. Qe2 f6 8. Bb5 Bd7 9. O-O Nge7 10. exf6 gxf6 11. Bxc6 Nxc6 12. Nb3 O-O-O 13. Nfxd4 Nxd4 14. Nxd4 e5 15. Nb5 Qb6 16. a4 a6 17. Nc3 Qe6 18. Bd2 Rg8 19. Kh1 Bc6 20. Nb5 Bc5 21. b4 Bb6 22. Na3 Bxa4 23. b5 Bc5 24. Rfb1 Rd7 25. Bb4 Bd4 26. c3 Ba7 27. Ba5 d4 28. b6 0-1

[Event "BL 2425 SV Mülheim Nord - SC Viernheim"]
[Site "?"]
[Date "2025.03.22"]
[Round "11.7"]
[White "Buhmann, Rainer"]
[Black "Hausrath, Daniel"]
[Result "1-0"]
[WhiteElo "2540"]
[BlackElo "2450"]
[PlyCount "91"]
[EventDate "2025.??.??"]

1. d4 Nf6 2. Nf3 d6 3. c4 g6 4. Nc3 Bf5 5. e3 Bg7 6. Be2 O-O 7. O-O c6 8. b4 Ne4 9. Bb2 a5 10. a3 Na6 11. Nxe4 Bxe4 12. Nd2 Bf5 13. b5 cxb5 14. cxb5 Nc5 15. Nc4 Nd7 16. Rc1 d5 17. Ne5 Nb6 18. Qb3 Qd6 19. Rc3 a4 20. Qa2 Rfc8 21. Rfc1 Rxc3 22. Bxc3 Rc8 23. Qa1 Nc4 24. Bb4 Qe6 25. Nxc4 dxc4 26. Qa2 Bd3 27. Bf3 Qb6 28. Bxe7 Qxb5 29. Bb4 Bf8 30. Bxf8 Kxf8 31. Rc3 Rc7 32. h4 Qb1+ 33. Qxb1 Bxb1 34. Kf1 b5 35. Ke2 Ra7 36. Rc1 Bd3+ 37. Kd2 b4 38. axb4 a3 39. Ra1 a2 40. b5 Ra3 41. b6 Bb1 42. b7 Rb3 43. Bd5 c3+ 44. Kc1 Rb2 45. Bxa2 Be4 46. Bd5 1-0

[Event "BL 2425 SV Mülheim Nord - SC Viernheim"]
[Site "?"]
[Date "2025.03.22"]
[Round "11.8"]
[White "Van Osch, Mees"]
[Black "Wagner, Dinara"]
[Result "0-1"]
[WhiteElo "2350"]
[BlackElo "2440"]
[PlyCount "68"]
[EventDate "2025.??.??"]

1. e4 c5 2. Nf3 d6 3. d4 cxd4 4. Nxd4 Nf6 5. Nc3 a6 6. Be3 e5 7. Nb3 Be7 8. h3 h6 9. g4 b5 10. Nd5 Bb7 11. Bb6 Qd7 12. Nc7+ Kf8 13. f3 Nxe4 14. h4 Ng3 15. Rh3 Nxf1 16. Nxa8 Bxa8 17. Qd3 e4 18. Qxf1 exf3 19. O-O-O Qxg4 20. Rh2 Nd7 21. Bc7 Ne5 22. Kb1 Nc4 23. Qf2 Kg8 24. Nd2 Ne5 25. Rg1 Qd7 26. Bb6 Bf6 27. Bd4 Kh7 28. Qg3 Qf5 29. Rf2 Rc8 30. Nxf3 Nxf3 31. Qxg7+ Bxg7 32. Rxg7+ Kh8 33. Rxf3 Qxc2+ 34. Ka1 Qc1# 0-1

[Event "BL 2425 SK Kirchweyhe - SC Heimbach-Weis"]
[Site "?"]
[Date "2025.03.22"]
[Round "11.1"]
[White "Kraemer, Martin"]
[Black "Brkic, Ante"]
[Result "1/2-1/2"]
[WhiteElo "2577"]
[BlackElo "2590"]
[PlyCount "78"]
[EventDate "2025.??.??"]

1. e4 c5 2. Nf3 d6 3. d4 cxd4 4. Nxd4 Nf6 5. Nc3 a6 6. Bd3 e5 7. Nde2 Be7 8. O-O O-O 9. Ng3 Bg4 10. Be2 Be6 11. f4 exf4 12. Bxf4 Qb6+ 13. Kh1 Qxb2 14. Nd5 Bxd5 15. exd5 Nbd7 16. Nf5 Rfe8 17. Nxe7+ Rxe7 18. Bxd6 Ree8 19. Bf3 Rac8 20. a4 Qxc2 21. Rb1 b6 22. h3 Qxd1 23. Rbxd1 Rc4 24. a5 bxa5 25. Rb1 Ne4 26. Bxe4 Rcxe4 27. Rb7 Nf6 28. Ra7 a4 29. Bc5 Rc4 30. Bb6 Rb4 31. Bc5 Rc4 32. Bb6 Rb4 33. Bc5 Rb5 34. Bd4 Rxd5 35. Bxf6 gxf6 36. Rxf6 Rd1+ 37. Kh2 Rf8 38. Rfxa6 Rd4 39. Rxa4 Rxa4 1/2-1/2